Detroit Tigers Managers by Picture - Statistics

General Stats
  • This quiz has been taken 28 times
  • The average score is 12 of 44
Answer Stats
Picture Hint Answer % Correct
2006-2013 Jim Leyland
100%
1979-1995 Sparky Anderson
100%
2003-2005 Alan Trammell
83%
1971-1973 Billy Martin
72%
1921-1926 Ty Cobb
72%
2018-2020 Ron Gardenhire
67%
2021-Present A. J. Hinch
61%
1974-1978 Ralph Houk
61%
2014-2017 Brad Ausmus
56%
1967-1970 Mayo Smith
50%
2020 Lloyd McClendon
44%
1934-1936 | 1937 | 1938 Mickey Cochrane
44%
2000-2002 Phil Garner
44%
1979 Les Moss
33%
1996-1998 Buddy Bell
22%
1963-1964 | 1965-1966 Chuck Dressen
22%
1929-1933 | 1955-1956 Bucky Harris
17%
1979 Dick Tracewski
17%
1907-1920 Hughie Jennings
17%
1973 Joe Schultz Jr.
17%
1998-1999 Larry Parrish
17%
2002 Luis Pujols
17%
1965 | 1966 Bob Swift
11%
1905-1906 Bill Armour
6%
1958-1959 Bill Norman
6%
1960 Billy Hitchcock
6%
1897 Bob Allen
6%
1904 Bobby Lowe
6%
1894 Bob Glenalvin
6%
1961-1963 Bob Scheffing
6%
1896 | 1898-1901 Con Strouthers
6%
1937 Cy Perkins
6%
1933 | 1936 | 1937 | 1938-1942 Del Baker
6%
1903-1904 Ed Barrow
6%
1902 Frank Dwyer
6%
1966 Frank Skaff
6%
1952-1954 Fred Hutchinson
6%
1927-1928 George Moriarty
6%
1957-1958 Jack Tighe
6%
1959-1960 Jimmy Dykes
6%
1960 Joe Gordon
6%
1949-1952 Red Rolfe
6%
1943-1948 Steve O'Neill
6%
1897-1898 Tony Mullane
6%
No matching quizzes found
Score Distribution
Percent of People with Each Score
Percentile by Number Answered
Your Score History
You have not taken this quiz